[Event "Lasker A 2018"]
[Site "?"]
[Date "2018.07.05"]
[Round "5.6"]
[White "Pettersson, Alexander"]
[Black "Teclaf, Pawel"]
[Result "0-1"]
[WhiteElo "2060"]
[BlackElo "2399"]
[PlyCount "64"]
[EventDate "2018.??.??"]
[WhiteClock "0:05:42"]
[BlackClock "0:00:31"]

1. d4 e6 2. c4 b6 3. Nf3 Bb7 4. a3 f5 5. d5 Bd6 6. Nc3 Nf6 7. Nb5 Na6 8. e3 Qe7
9. dxe6 dxe6 10. Nxd6+ cxd6 11. b4 O-O 12. Be2 Nc7 13. O-O e5 14. Bb2 Ne6 15.
Qb3 Kh8 16. Rad1 f4 17. Rfe1 Ng4 18. h3 fxe3 19. fxe3 Nh6 20. Rf1 Ng5 21. Qc3
Bxf3 22. Bxf3 Nxf3+ 23. Rxf3 Rxf3 24. gxf3 Qh4 25. Kg2 Nf5 26. Qe1 Qxc4 27. e4
Nd4 28. Bxd4 exd4 29. Qd2 Rf8 30. Qxd4 Qe2+ 31. Kg1 Rxf3 32. Qxd6 Qf2+ 0-1

[Event "Lasker A 2018"]
[Site "?"]
[Date "2018.07.05"]
[Round "5.7"]
[White "Sliwerski, Radoslaw"]
[Black "Kucza, Karol"]
[Result "0-1"]
[WhiteElo "2011"]
[BlackElo "2308"]
[PlyCount "70"]
[EventDate "2018.??.??"]
[WhiteClock "0:22:08"]
[BlackClock "0:00:34"]

1. d4 Nf6 2. c4 e6 3. Nc3 Bb4 4. g3 c5 5. Nf3 Nc6 6. Bg2 Ne4 7. Qd3 cxd4 8.
Nxd4 Nxc3 9. bxc3 Ne5 10. Qc2 Be7 11. Bf4 Ng6 12. Be3 O-O 13. O-O Ne5 14. Qb3
a6 15. h3 Qc7 16. Bf4 d6 17. Rab1 Nxc4 18. Nc6 bxc6 19. Qxc4 Bd7 20. Rfd1 Ra7
21. Rd2 e5 22. Be3 c5 23. Rdb2 Bc6 24. Bxc6 Qxc6 25. Rb6 Qc8 26. Kh2 Qa8 27.
Qb3 h6 28. c4 f5 29. f3 Qc8 30. Qa4 f4 31. Bf2 fxg3+ 32. Bxg3 Qf5 33. Qc6 Qf7
34. Rc1 Bh4 35. Rc2 Bxg3+ 0-1

[Event "Lasker A 2018"]
[Site "?"]
[Date "2018.07.05"]
[Round "5.8"]
[White "Lukasiewicz, Anna"]
[Black "Bartnicki, Pawel"]
[Result "1-0"]
[WhiteElo "2086"]
[BlackElo "2085"]
[PlyCount "55"]
[EventDate "2018.??.??"]
[WhiteClock "0:01:09"]
[BlackClock "0:14:32"]

1. e4 d5 2. exd5 Qxd5 3. Nc3 Qa5 4. d4 Nf6 5. Bc4 c6 6. Nge2 Bf5 7. O-O Nbd7 8.
Ng3 Bg6 9. f4 h6 10. f5 Bh7 11. a3 Qd8 12. Bb3 Nb6 13. Nce4 Nxe4 14. Nxe4 Nd5
15. Kh1 g6 16. Qe2 gxf5 17. Bxd5 e6 18. Bxe6 fxe6 19. Qh5+ Ke7 20. Bf4 fxe4 21.
Be5 Qe8 22. Qh4+ Kd7 23. Bxh8 Bd6 24. Be5 Qe7 25. Qxh6 Bf5 26. c4 Rg8 27. Bxd6
Qxd6 28. Rxf5 1-0

[Event "Lasker A 2018"]
[Site "?"]
[Date "2018.07.05"]
[Round "5.9"]
[White "Sanz, Wawer Daniel"]
[Black "Tiarks, Jann-christian"]
[Result "1/2-1/2"]
[WhiteElo "2233"]
[BlackElo "2179"]
[PlyCount "111"]
[EventDate "2018.??.??"]
[WhiteClock "0:20:19"]
[BlackClock "0:00:45"]

1. e4 c5 2. Nc3 Nc6 3. g3 g6 4. Bg2 Bg7 5. d3 e6 6. Be3 d6 7. Qd2 Nd4 8. Nge2
Ne7 9. O-O O-O 10. Nc1 Rb8 11. Nd1 b5 12. c3 Ndc6 13. Bh6 Bxh6 14. Qxh6 b4 15.
Qd2 d5 16. exd5 Nxd5 17. Nb3 Qb6 18. Ne3 Rd8 19. Nc4 Qb5 20. h4 a5 21. a4 bxa3
22. Rxa3 a4 23. Nc1 Bb7 24. h5 Nce7 25. Ne5 Qe8 26. b3 axb3 27. Nxb3 Rdc8 28.
Ra5 Nf6 29. Bxb7 Rxb7 30. Nxc5 Rbc7 31. hxg6 hxg6 32. d4 Qd8 33. Qe2 Nc6 34.
Nxc6 Rxc6 35. Ra7 Rb6 36. Qf3 Kg7 37. Re1 Rc7 38. Ra8 Qd5 39. Qf4 e5 40. Qxe5
Rxc5 41. dxc5 Re6 42. Qxe6 fxe6 43. Ra7+ Nd7 44. c6 Qxc6 45. Rd1 Qxc3 46.
Raxd7+ Kf6 47. R7d3 Qc6 48. Re3 Kf5 49. Rde1 Qc2 50. Re5+ Kf6 51. Rxe6+ Kg7 52.
Rd6 Kh7 53. Re7+ Kh6 54. Ree6 Kh5 55. Rxg6 Qxf2+ 56. Kxf2 1/2-1/2

[Event "Lasker A 2018"]
[Site "?"]
[Date "2018.07.05"]
[Round "5.10"]
[White "Maetzkow, Maximilian Paul"]
[Black "Chyzy, Jakub"]
[Result "0-1"]
[WhiteElo "2203"]
[BlackElo "2100"]
[PlyCount "68"]
[EventDate "2018.??.??"]
[WhiteClock "0:26:46"]
[BlackClock "1:13:20"]

1. d4 d5 2. Nc3 Nf6 3. Bf4 e6 4. e3 Bb4 5. Bd3 Bxc3+ 6. bxc3 c5 7. c4 O-O 8.
Nf3 b6 9. O-O Ba6 10. cxd5 Nxd5 11. Bg3 c4 12. Bh4 f6 13. Be4 Nc3 14. Bxa8 Nxd1
15. Rfxd1 Qc8 16. d5 e5 17. Nd2 c3 18. Nb3 Be2 19. Re1 Bc4 20. Rad1 Na6 21. Bc6
Nb4 22. Na1 Nxc6 23. dxc6 Qxc6 24. Nb3 Qc7 25. f3 Rd8 26. Bf2 a5 27. e4 a4 28.
Nc1 Rd2 29. Nd3 Bxd3 30. cxd3 b5 31. Be3 Rxd1 32. Rxd1 c2 33. Rc1 b4 34. Kf2 b3
0-1

[Event "Lasker A 2018"]
[Site "?"]
[Date "2018.07.05"]
[Round "5.11"]
[White "Matthes, Aaron"]
[Black "Matthes, Benjamin"]
[Result "1-0"]
[WhiteElo "1791"]
[BlackElo "1750"]
[PlyCount "87"]
[EventDate "2018.??.??"]
[WhiteClock "0:01:13"]
[BlackClock "0:25:46"]

1. d4 d5 2. c4 e6 3. Nc3 c5 4. cxd5 exd5 5. Nf3 Nc6 6. Bg5 Nf6 7. Bxf6 Qxf6 8.
Nxd5 Qd8 9. dxc5 Bxc5 10. e4 Be6 11. Be2 O-O 12. O-O Ne7 13. Bc4 Bg4 14. Qb3
Ng6 15. Rfd1 Qc8 16. Rac1 Bxf3 17. Qxf3 Ne5 18. Qe2 Qg4 19. Qxg4 Nxg4 20. Be2
Bxf2+ 21. Kf1 Ne3+ 22. Kxf2 Nxd1+ 23. Bxd1 Rad8 24. Rc7 f5 25. Bb3 fxe4+ 26.
Nf4+ Kh8 27. Ke3 Rf6 28. Rxb7 a6 29. Ra7 h6 30. h4 Re8 31. Nh5 Rd6 32. Nxg7
Rd3+ 33. Ke2 Red8 34. Nf5 Rf8 35. g4 h5 36. Rxa6 Rxb3 37. axb3 hxg4 38. Rh6+
Kg8 39. Rg6+ Kh7 40. Rg7+ Kh8 41. Rg5 Rb8 42. Nd4 Rc8 43. Rxg4 Rc1 44. Rxe4 1-0

[Event "Lasker A 2018"]
[Site "?"]
[Date "2018.07.05"]
[Round "5.12"]
[White "Fantino, Rene"]
[Black "Woithe, Daniel"]
[Result "0-1"]
[WhiteElo "2018"]
[BlackElo "1882"]
[PlyCount "50"]
[EventDate "2018.??.??"]
[WhiteClock "0:11:05"]
[BlackClock "0:03:42"]

1. Nf3 Nf6 2. c4 e6 3. g3 d5 4. Bg2 Be7 5. O-O O-O 6. d4 c6 7. Nc3 Nbd7 8. b3
b6 9. Bb2 Bb7 10. Rc1 Rc8 11. a3 Re8 12. Re1 c5 13. cxd5 exd5 14. dxc5 bxc5 15.
Nh4 Ne5 16. Nf5 Bf8 17. Qd2 Qd7 18. Qg5 Ng6 19. Na4 Ne4 20. Bxe4 Rxe4 21. f3
Ree8 22. g4 d4 23. e4 dxe3 24. Rcd1 Qc6 25. Rxe3 h6 0-1

[Event "Lasker A 2018"]
[Site "?"]
[Date "2018.07.06"]
[Round "6.1"]
[White "Koziak, Vitali"]
[Black "Bilguun, Sumiya"]
[Result "1/2-1/2"]
[WhiteElo "2473"]
[BlackElo "2490"]
[PlyCount "73"]
[EventDate "2018.??.??"]
[WhiteClock "0:20:48"]
[BlackClock "0:10:42"]

1. d4 d5 2. c4 e6 3. Nf3 c6 4. Bg5 Be7 5. Bxe7 Qxe7 6. Nc3 Nf6 7. e3 O-O 8. Rc1
Nbd7 9. Bd3 a6 10. cxd5 exd5 11. Qc2 Re8 12. O-O Nf8 13. Rce1 Ng6 14. Nd2 Bd7
15. Na4 Rad8 16. Nc5 Bc8 17. f3 Nf8 18. Qc3 Ne6 19. b4 Qd6 20. Ndb3 Re7 21. a4
Ng5 22. b5 axb5 23. axb5 b6 24. Na4 cxb5 25. Bxb5 Rc7 26. Qd2 Bd7 27. Bxd7 Qxd7
28. Nc3 Rdc8 29. Rc1 h6 30. Qd3 Qe7 31. Ne2 Qb4 32. Rxc7 Rxc7 33. Rb1 Ne6 34.
Nd2 Qa5 35. Nb3 Qb4 36. Nd2 Qa5 37. Nb3 1/2-1/2

[Event "Lasker A 2018"]
[Site "?"]
[Date "2018.07.06"]
[Round "6.2"]
[White "Janik, Igor"]
[Black "Florstedt, Johannes"]
[Result "1-0"]
[WhiteElo "2420"]
[BlackElo "2276"]
[PlyCount "63"]
[EventDate "2018.??.??"]
[WhiteClock "0:16:55"]
[BlackClock "0:17:26"]

1. e4 c5 2. Nf3 d6 3. d4 cxd4 4. Nxd4 Nf6 5. Nc3 a6 6. h3 e6 7. g4 h6 8. Bg2 g5
9. O-O Nbd7 10. a4 Ne5 11. f4 gxf4 12. Bxf4 Nfd7 13. Nce2 h5 14. gxh5 Rxh5 15.
Ng3 Rh7 16. Nf3 Qb6+ 17. Kh1 Ng6 18. Ng5 Rh4 19. a5 Qc5 20. b4 Qc7 21. Be3 Nde5
22. Nh5 Bd7 23. Nf6+ Ke7 24. Ng8+ Ke8 25. Nf6+ Ke7 26. Nf3 Bh6 27. Bb6 Qc4 28.
Nxh4 Nxh4 29. Qh5 Nxg2 30. Qxh6 Qxc2 31. Qg5 Rh8 32. Nh7+ 1-0

[Event "Lasker A 2018"]
[Site "?"]
[Date "2018.07.06"]
[Round "6.3"]
[White "Goluch, Piotr"]
[Black "Heberla, Bartlomiej"]
[Result "0-1"]
[WhiteElo "2332"]
[BlackElo "2563"]
[PlyCount "56"]
[EventDate "2018.??.??"]
[WhiteClock "0:20:20"]
[BlackClock "0:41:26"]

1. d4 d5 2. c4 e6 3. Nf3 a6 4. cxd5 exd5 5. Nc3 Nf6 6. Bg5 Be6 7. e3 Nbd7 8.
Bd3 Bd6 9. a3 c6 10. Bh4 Bg4 11. Qb3 Rb8 12. Nd2 O-O 13. Qc2 Qc7 14. h3 Bh5 15.
O-O Bg6 16. Rac1 Rbe8 17. Rfe1 Re6 18. b4 Rfe8 19. Nb3 Bxd3 20. Qxd3 h6 21. Nc5
Nxc5 22. bxc5 Bh2+ 23. Kh1 g5 24. f4 gxh4 25. Kxh2 Rxe3 26. Rxe3 Qxf4+ 27. Rg3+
hxg3+ 28. Qxg3+ Ng4+ 0-1

[Event "Lasker A 2018"]
[Site "?"]
[Date "2018.07.06"]
[Round "6.4"]
[White "Teclaf, Pawel"]
[Black "Chojnacki, Krzysztof"]
[Result "1/2-1/2"]
[WhiteElo "2399"]
[BlackElo "2385"]
[PlyCount "51"]
[EventDate "2018.??.??"]
[WhiteClock "0:13:28"]
[BlackClock "0:09:42"]

1. b3 e5 2. Bb2 d6 3. e3 Nf6 4. c4 g6 5. Nf3 Bg7 6. d4 e4 7. Nfd2 O-O 8. Be2 c6
9. Nc3 Re8 10. g4 h6 11. Nf1 d5 12. Ng3 Be6 13. h3 Nbd7 14. Qd2 dxc4 15. Bxc4
Bxc4 16. bxc4 c5 17. Nb5 Nb6 18. Rc1 a6 19. dxc5 Qxd2+ 20. Kxd2 axb5 21. cxb6
Rxa2 22. Rc2 bxc4 23. Rhc1 Nd5 24. Bxg7 Rxc2+ 25. Rxc2 Kxg7 26. Rxc4 1/2-1/2

[Event "Lasker A 2018"]
[Site "?"]
[Date "2018.07.06"]
[Round "6.5"]
[White "Kucza, Karol"]
[Black "Lukasiewicz, Anna"]
[Result "1-0"]
[WhiteElo "2308"]
[BlackElo "2086"]
[PlyCount "77"]
[EventDate "2018.??.??"]
[WhiteClock "0:10:08"]
[BlackClock "0:27:40"]

1. e4 c5 2. Nf3 Nc6 3. d4 cxd4 4. Nxd4 g6 5. Nc3 Bg7 6. Be3 Nf6 7. Bc4 O-O 8.
Bb3 a5 9. O-O a4 10. Nxa4 Nxe4 11. Nb5 d6 12. Qe2 Nf6 13. c4 Be6 14. Bb6 Qc8
15. Nc7 Nd4 16. Bxd4 Qxc7 17. Rac1 Ra6 18. Nc3 Rc8 19. Nb5 Qd7 20. Rfe1 Ne8 21.
h3 Bxd4 22. Nxd4 Ng7 23. a3 Qc7 24. Ba2 Qc5 25. Qe4 Rb6 26. b4 Qg5 27. h4 Qf6
28. b5 Bf5 29. Qe3 Rc5 30. a4 Re5 31. Qd2 Rxe1+ 32. Rxe1 d5 33. c5 Re6 34. Nxe6
Bxe6 35. Bxd5 Qxh4 36. Bxb7 Nh5 37. Re4 Qf6 38. Qd8+ Kg7 39. Qd4 1-0

[Event "Lasker A 2018"]
[Site "?"]
[Date "2018.07.06"]
[Round "6.6"]
[White "Lukasiewicz, Krzysztof"]
[Black "Sanz, Wawer Daniel"]
[Result "1/2-1/2"]
[WhiteElo "2247"]
[BlackElo "2233"]
[PlyCount "86"]
[EventDate "2018.??.??"]
[WhiteClock "0:00:36"]
[BlackClock "0:24:50"]

1. e4 c5 2. Nf3 e6 3. d4 cxd4 4. Nxd4 Nc6 5. Nc3 Qc7 6. g3 a6 7. Bg2 d6 8. O-O
Bd7 9. Nb3 Be7 10. f4 Nf6 11. Be3 O-O 12. Qe2 b5 13. a3 b4 14. axb4 Nxb4 15. g4
Bc6 16. g5 Nd7 17. Na5 Bb5 18. Nxb5 axb5 19. c3 Nc6 20. Nxc6 Qxc6 21. Rxa8 Rxa8
22. f5 Ne5 23. Qh5 g6 24. Qh3 Qc4 25. Bf4 Nd3 26. fxe6 fxe6 27. b3 Nxf4 28.
bxc4 Nxh3+ 29. Bxh3 bxc4 30. Bxe6+ Kh8 31. h4 Bf8 32. Bxc4 Bg7 33. Bd5 Rf8 34.
Rc1 h6 35. c4 hxg5 36. hxg5 Rf4 37. Kg2 Rg4+ 38. Kf3 Rxg5 39. Rh1+ Rh5 40. Rg1
Kh7 41. Bf7 Rh3+ 42. Kg4 Rh2 43. Kf3 Bd4 1/2-1/2

[Event "Lasker A 2018"]
[Site "?"]
[Date "2018.07.06"]
[Round "6.7"]
[White "Chyzy, Jakub"]
[Black "Aliavdin, Nikolai"]
[Result "1-0"]
[WhiteElo "2100"]
[BlackElo "2338"]
[PlyCount "71"]
[EventDate "2018.??.??"]
[WhiteClock "0:16:34"]
[BlackClock "0:01:41"]

1. e4 c6 2. d4 d5 3. e5 Bf5 4. Nf3 e6 5. a3 Bg6 6. Be2 c5 7. O-O Nc6 8. dxc5
Bxc5 9. b4 Bb6 10. Bb2 Nge7 11. Nbd2 O-O 12. c4 dxc4 13. Nxc4 Bc7 14. Qb3 Nd5
15. Rfd1 Qb8 16. b5 Na5 17. Nxa5 Bxa5 18. Bc4 Rc8 19. Bxd5 Bc2 20. Qa2 Bxd1 21.
Bxe6 Bxf3 22. Bxc8 Qxc8 23. gxf3 Qd7 24. Qb3 Rd8 25. Kh1 Qd3 26. Qxd3 Rxd3 27.
Rc1 Kf8 28. a4 Ke7 29. Kg2 Ke6 30. f4 g6 31. Rc8 Rd8 32. Rc2 Kf5 33. Rc4 Ke6
34. Kf3 Rd3+ 35. Ke4 Rh3 36. Bd4 1-0

[Event "Lasker A 2018"]
[Site "?"]
[Date "2018.07.06"]
[Round "6.8"]
[White "Lagunow, Raphael"]
[Black "Matthes, Aaron"]
[Result "1-0"]
[WhiteElo "2411"]
[BlackElo "1791"]
[PlyCount "59"]
[EventDate "2018.??.??"]
[WhiteClock "0:44:42"]
[BlackClock "0:20:33"]

1. e4 e6 2. d4 d5 3. Nc3 Nf6 4. Bg5 Be7 5. e5 Nfd7 6. Bxe7 Qxe7 7. Nb5 Qd8 8.
c3 a6 9. Na3 c5 10. f4 Nc6 11. Nf3 O-O 12. Be2 b5 13. Nc2 Qb6 14. O-O b4 15.
Bd3 f5 16. Kh1 c4 17. Be2 bxc3 18. bxc3 Qa5 19. Qd2 Rb8 20. Ne3 Nb6 21. Bd1 Bd7
22. g4 Ne7 23. gxf5 Nxf5 24. Nxf5 Rxf5 25. Bc2 Rff8 26. Rg1 g6 27. Ng5 Rbe8 28.
Nxh7 Kxh7 29. Bxg6+ Kh8 30. f5 1-0

[Event "Lasker A 2018"]
[Site "?"]
[Date "2018.07.06"]
[Round "6.9"]
[White "Sliwerski, Radoslaw"]
[Black "Tiarks, Jann-christian"]
[Result "0-1"]
[WhiteElo "2011"]
[BlackElo "2179"]
[PlyCount "64"]
[EventDate "2018.??.??"]
[WhiteClock "0:32:14"]
[BlackClock "0:13:52"]

1. d4 d5 2. c4 e6 3. Nc3 c6 4. e4 dxe4 5. Nxe4 Nf6 6. Nxf6+ Qxf6 7. Nf3 Bb4+ 8.
Bd2 Bxd2+ 9. Qxd2 O-O 10. Bd3 Nd7 11. O-O-O c5 12. Ng5 g6 13. h4 cxd4 14. Nxh7
Kxh7 15. h5 Kg8 16. hxg6 fxg6 17. Rh6 Ne5 18. Rdh1 Kf7 19. Bxg6+ Nxg6 20. R1h3
Ke8 21. Rf3 Qe5 22. Rxg6 Bd7 23. Qb4 Rxf3 24. Rg8+ Kf7 25. Rxa8 Rf5 26. Rf8+
Kg6 27. Rg8+ Kh7 28. Rg3 Qc5 29. Qe1 Qxc4+ 30. Kb1 Rh5 31. Qe4+ Kh8 32. Rh3
Qf1+ 0-1

[Event "Lasker A 2018"]
[Site "?"]
[Date "2018.07.06"]
[Round "6.10"]
[White "Woithe, Daniel"]
[Black "Bartnicki, Pawel"]
[Result "1/2-1/2"]
[WhiteElo "1882"]
[BlackElo "2085"]
[PlyCount "58"]
[EventDate "2018.??.??"]
[WhiteClock "0:06:35"]
[BlackClock "0:05:32"]

1. e4 c5 2. c3 e6 3. d4 b6 4. Nf3 Bb7 5. d5 Nf6 6. Bg5 h6 7. Bxf6 Qxf6 8. e5
Qf4 9. Bd3 Bxd5 10. Nbd2 h5 11. g3 Qh6 12. Qe2 Be7 13. Be4 Nc6 14. c4 Bxe4 15.
Nxe4 O-O 16. Rd1 Rad8 17. O-O f6 18. Nd6 Bxd6 19. Rxd6 fxe5 20. Nxe5 Nxe5 21.
Qxe5 Rf5 22. Qe2 Qf6 23. Rfd1 Qe7 24. Qd2 Rf7 25. h4 Qf6 26. Qe2 Kf8 27. R1d2
g6 28. Qe4 g5 29. hxg5 Qxg5 1/2-1/2

[Event "Lasker A 2018"]
[Site "?"]
[Date "2018.07.06"]
[Round "6.11"]
[White "Strassburg, Robin Leonard"]
[Black "Pettersson, Alexander"]
[Result "1-0"]
[WhiteElo "1726"]
[BlackElo "2060"]
[PlyCount "56"]
[EventDate "2018.??.??"]
[WhiteClock "0:06:35"]
[BlackClock "0:04:19"]

1. d4 d5 2. Bf4 Nf6 3. e3 e6 4. Nd2 c5 5. c3 Nc6 6. Be2 Bd6 7. Bg3 O-O 8. Ngf3
Re8 9. Ne5 Qc7 10. f4 Nd7 11. Bd3 Nf8 12. O-O f6 13. Ng4 e5 14. fxe5 fxe5 15.
Nxe5 Nxe5 16. dxe5 Bxe5 17. Bxe5 Qxe5 18. e4 Be6 19. Nf3 Qh5 20. exd5 Bxd5 21.
Qa4 Kh8 22. c4 Bc6 23. Qc2 Rad8 24. Rae1 Rxe1 25. Nxe1 Ne6 26. Rf5 Qh4 27. Qf2
Qxf2+ 28. Kxf2 Kg8 1-0

[Event "Lasker A 2018"]
[Site "?"]
[Date "2018.07.06"]
[Round "6.12"]
[White "Matthes, Benjamin"]
[Black "Maetzkow, Maximilian Paul"]
[Result "0-1"]
[WhiteElo "1750"]
[BlackElo "2203"]
[PlyCount "52"]
[EventDate "2018.??.??"]
[WhiteClock "1:05:28"]
[BlackClock "0:02:49"]

1. d4 Nf6 2. Bf4 e6 3. e3 b6 4. Nd2 Bb7 5. Ngf3 Be7 6. Bd3 d5 7. Qe2 Nbd7 8. c3
Ne4 9. Ne5 Nxd2 10. Nxd7 Qxd7 11. Qxd2 c5 12. Qe2 O-O 13. g4 f6 14. Rg1 Bd6 15.
Bxd6 Qxd6 16. g5 e5 17. Bxh7+ Kxh7 18. Qh5+ Kg8 19. g6 Rfb8 20. Qh7+ Kf8 21.
Qh8+ Ke7 22. Qxg7+ Kd8 23. Qh7 Qe7 24. Qxe7+ Kxe7 25. g7 Kf7 26. O-O-O Rg8 0-1

[Event "Lasker A 2018"]
[Site "?"]
[Date "2018.07.07"]
[Round "6.6"]
[White "Lukasiewicz, Krzysztof"]
[Black "Sanz, Wawer Daniel"]
[Result "1/2-1/2"]
[WhiteElo "2247"]
[BlackElo "2233"]
[PlyCount "172"]
[EventDate "2018.??.??"]
[WhiteClock "0:01:00"]
[BlackClock "0:01:39"]

1. e4 c5 2. Nf3 e6 3. d4 cxd4 4. Nxd4 Nc6 5. Nc3 Qc7 6. g3 a6 7. Bg2 d6 8. O-O
Bd7 9. Nb3 Be7 10. f4 Nf6 11. Be3 O-O 12. Qe2 b5 13. a3 b4 14. axb4 Nxb4 15. g4
Bc6 16. g5 Nd7 17. Na5 Bb5 18. Nxb5 axb5 19. c3 Nc6 20. Nxc6 Qxc6 21. Rxa8 Rxa8
22. f5 Ne5 23. Qh5 g6 24. Qh3 Qc4 25. Bf4 Nd3 26. fxe6 fxe6 27. b3 Nxf4 28.
bxc4 Nxh3+ 29. Bxh3 bxc4 30. Bxe6+ Kh8 31. h4 Bf8 32. Bxc4 Bg7 33. Bd5 Rf8 34.
Rc1 h6 35. c4 hxg5 36. hxg5 Rf4 37. Kg2 Rg4+ 38. Kf3 Rxg5 39. Rh1+ Rh5 40. Rg1
Kh7 41. Bf7 Rh3+ 42. Kg4 Rh2 43. Kf3 Bd4 44. Bxg6+ Kh6 45. Rd1 Be5 46. Bf7 Kg7
47. Bd5 Kf6 48. Rf1 Rc2 49. Ke3+ Kg6 50. Rf5 Bf6 51. Kd3 Rc1 52. Kd2 Ra1 53.
Kc2 Ra3 54. Rf1 Ra1 55. Rf3 Bd4 56. Rf8 Kg7 57. Rf7+ Kg6 58. Re7 Bc5 59. e5
dxe5 60. Rxe5 Ra2+ 61. Kd3 Ra3+ 62. Ke2 Kf6 63. Rh5 Ke7 64. Rh7+ Kd6 65. Rh6+
Ke5 66. Re6+ Kd4 67. Re4+ Kc3 68. Kf3 Kb4+ 69. Kf4 Ra7 70. Ke5 Re7+ 71. Be6 Re8
72. Re1 Bf2 73. Rb1+ Kc5 74. Kf6 Bh4+ 75. Kf5 Bf2 76. Rb5+ Kd6 77. Rd5+ Kc7 78.
Rd2 Bc5 79. Rd5 Kb6 80. Kf6 Rh8 81. Bf5 Rh6+ 82. Ke5 Rh4 83. Bd3 Rh5+ 84. Bf5
Rh4 85. Rd8 Rxc4 86. Rb8+ Ka7 1/2-1/2

[Event "Lasker A 2018"]
[Site "?"]
[Date "2018.07.07"]
[Round "6.11"]
[White "Strassburg, Robin Leonard"]
[Black "Pettersson, Alexander"]
[Result "1-0"]
[WhiteElo "1726"]
[BlackElo "2060"]
[PlyCount "159"]
[EventDate "2018.??.??"]
[WhiteClock "0:00:32"]
[BlackClock "0:01:38"]

1. d4 d5 2. Bf4 Nf6 3. e3 e6 4. Nd2 c5 5. c3 Nc6 6. Be2 Bd6 7. Bg3 O-O 8. Ngf3
Re8 9. Ne5 Qc7 10. f4 Nd7 11. Bd3 Nf8 12. O-O f6 13. Ng4 e5 14. fxe5 fxe5 15.
Nxe5 Nxe5 16. dxe5 Bxe5 17. Bxe5 Qxe5 18. e4 Be6 19. Nf3 Qh5 20. exd5 Bxd5 21.
Qa4 Kh8 22. c4 Bc6 23. Qc2 Rad8 24. Rae1 Rxe1 25. Nxe1 Ne6 26. Rf5 Qh4 27. Qf2
Qxf2+ 28. Kxf2 Kg8 29. g3 b6 30. Ke3 Nd4 31. Rf2 Re8+ 32. Kd2 g6 33. Rf4 Kg7
34. Rf2 Re7 35. Bf1 Rd7 36. Bd3 Rd6 37. Ke3 Re6+ 38. Kd2 h6 39. h3 g5 40. g4
Rf6 41. Rxf6 Kxf6 42. Ke3 Ke5 43. Bf1 Be4 44. Nd3+ Bxd3 45. Bxd3 Ne6 46. Be2
Nf4 47. Bf1 Ne6 48. Bd3 Nc7 49. Bf1 Na6 50. a3 Nc7 51. Bd3 Ne6 52. Be2 Nf4 53.
Bf1 Ne6 54. Be2 a6 55. b3 Nd8 56. Bf3 Nf7 57. Bb7 a5 58. Bc6 Nd6 59. a4 Nf7 60.
Bd5 Nd8 61. Bf3 Ne6 62. Be2 Nf4 63. Bf1 h5 64. gxh5 Nxh5 65. Be2 Nf6 66. Bf3
Nd7 67. Bc6 Nf6 68. Bf3 Nd7 69. Bc6 Nf8 70. Bd5 Ng6 71. Bg2 Nf4 72. Bf1 Ne6 73.
Be2 Nd4 74. Bd1 Nf5+ 75. Kf3 Kd4 76. Kg4 Ne3+ 77. Kxg5 Nxd1 78. h4 Ne3 79. h5
Ke5 80. h6 1-0

[Event "Lasker A 2018"]
[Site "?"]
[Date "2018.07.07"]
[Round "7.1"]
[White "Bilguun, Sumiya"]
[Black "Janik, Igor"]
[Result "1/2-1/2"]
[WhiteElo "2490"]
[BlackElo "2420"]
[PlyCount "71"]
[EventDate "2018.??.??"]
[WhiteClock "0:36:21"]
[BlackClock "0:08:29"]

1. e4 c6 2. d4 d5 3. Nc3 dxe4 4. Nxe4 Bf5 5. Ng3 Bg6 6. h4 h6 7. Nf3 e6 8. h5
Bh7 9. Bd3 Bxd3 10. Qxd3 Nf6 11. Bd2 c5 12. O-O-O Nc6 13. Bc3 Nb4 14. Bxb4 cxb4
15. Qb5+ Qd7 16. Qxd7+ Kxd7 17. Ne5+ Ke8 18. f4 Nd5 19. f5 Be7 20. fxe6 fxe6
21. Ng6 Rg8 22. Rde1 Kd7 23. Kd2 Bf6 24. Kd3 b3 25. c3 bxa2 26. Ra1 Rge8 27.
Rxa2 b6 28. Re1 a5 29. Raa1 a4 30. Ne4 Ra5 31. g4 Rea8 32. Ra3 Be7 33. Ra2 Bd6
34. Rf1 R5a7 35. Raa1 b5 36. Rfb1 1/2-1/2

[Event "Lasker A 2018"]
[Site "?"]
[Date "2018.07.07"]
[Round "7.2"]
[White "Heberla, Bartlomiej"]
[Black "Koziak, Vitali"]
[Result "1/2-1/2"]
[WhiteElo "2563"]
[BlackElo "2473"]
[PlyCount "146"]
[EventDate "2018.??.??"]
[WhiteClock "0:01:06"]
[BlackClock "0:01:10"]

1. e4 e5 2. Nf3 Nf6 3. Nxe5 d6 4. Nf3 Nxe4 5. d3 Nf6 6. d4 d5 7. Bd3 Bd6 8. O-O
O-O 9. h3 Nbd7 10. Bg5 Re8 11. Nc3 c6 12. Qd2 Nf8 13. Rae1 Ne6 14. Bh4 Nf4 15.
Bxf6 gxf6 16. Ne2 Nxe2+ 17. Rxe2 Rxe2 18. Qxe2 Qf8 19. Nh4 Qh6 20. Qe8+ Qf8 21.
Qe2 Qh6 22. Qe8+ Qf8 23. Qe3 Be6 24. Bf5 Re8 25. Re1 Re7 26. Qc3 Qh6 27. g3 Qg5
28. Qf3 Kf8 29. Re3 h6 30. Kg2 Ke8 31. b3 Kf8 32. Bg4 Ke8 33. c4 dxc4 34. Bxe6
fxe6 35. bxc4 Kd7 36. Qe2 b5 37. Nf3 Qf5 38. Nh4 Qg5 39. Nf3 Qf5 40. cxb5 Qxb5
41. Qc2 Qd5 42. Kh2 h5 43. h4 Rg7 44. Rb3 Bc7 45. Rd3 Kc8 46. Rc3 Kb7 47. Qe2
Bb6 48. a4 Re7 49. Qc2 Rg7 50. Qd2 Rh7 51. Qf4 Qf5 52. Qd6 Qd5 53. Qf8 e5 54.
dxe5 Rf7 55. Qe8 fxe5 56. Rd3 Qc4 57. Rd7+ Rxd7 58. Qxd7+ Bc7 59. Nxe5 Qxa4 60.
Qf7 Qb5 61. Nf3 a5 62. Qe7 Kb6 63. Qe3+ Qc5 64. Qb3+ Ka6 65. Qd3+ Kb7 66. Nd4
a4 67. Qb1+ Ka6 68. Qd3+ Ka7 69. Kg1 a3 70. Nxc6+ Qxc6 71. Qxa3+ Kb7 72. Qb2+
Qb6 73. Qe2 Qc5 1/2-1/2

[Event "Lasker A 2018"]
[Site "?"]
[Date "2018.07.07"]
[Round "7.3"]
[White "Florstedt, Johannes"]
[Black "Kucza, Karol"]
[Result "1-0"]
[WhiteElo "2276"]
[BlackElo "2308"]
[PlyCount "135"]
[EventDate "2018.??.??"]
[WhiteClock "0:01:45"]
[BlackClock "0:05:14"]

1. e4 e5 2. Nf3 Nc6 3. d4 exd4 4. Nxd4 Nf6 5. Nxc6 bxc6 6. e5 Qe7 7. Qe2 Nd5 8.
h4 d6 9. c4 Nb6 10. exd6 cxd6 11. Be3 d5 12. cxd5 Nxd5 13. Bg5 f6 14. Qxe7+
Bxe7 15. Bd2 Rb8 16. b3 Nb4 17. Kd1 Bc5 18. f3 Ke7 19. Bc4 Rd8 20. Re1+ Kf8 21.
Nc3 Bf2 22. Re2 Bxh4 23. a3 Nd5 24. Kc2 Bg3 25. Ne4 Be5 26. Rh1 Bf5 27. g4 Bg6
28. Kc1 Nf4 29. Re3 Bf7 30. Bxf7 Kxf7 31. Kc2 Ne6 32. Bc3 Bd4 33. Rd3 h6 34.
Bxd4 Nxd4+ 35. Kb2 f5 36. gxf5 Nxf5 37. Rc3 Nd4 38. a4 Rd5 39. Ka3 a5 40. Rh4
Kg8 41. Rg4 Kh7 42. Nc5 h5 43. Re4 Rf8 44. Rxd4 Rxd4 45. Ne6 Rdf4 46. Nxf8+
Rxf8 47. Rc5 Kh6 48. Rxa5 h4 49. Rc5 h3 50. Rxc6+ Kg5 51. Rc1 Kf4 52. a5 Ra8
53. b4 Kxf3 54. Ka4 g5 55. b5 h2 56. b6 Rc8 57. Rb1 Rb8 58. Kb5 g4 59. a6 g3
60. a7 Rh8 61. b7 g2 62. a8=Q g1=Q 63. b8=Q+ Ke2 64. Qe5+ Kf2 65. Qa2+ Kf3 66.
Qf5+ Kg3 67. Rb3+ Kh4 68. Rh3# 1-0

[Event "Lasker A 2018"]
[Site "?"]
[Date "2018.07.07"]
[Round "7.4"]
[White "Lukasiewicz, Krzysztof"]
[Black "Teclaf, Pawel"]
[Result "1/2-1/2"]
[WhiteElo "2247"]
[BlackElo "2399"]
[PlyCount "74"]
[EventDate "2018.??.??"]
[WhiteClock "0:07:29"]
[BlackClock "0:21:38"]

1. e4 c6 2. d4 d5 3. Nc3 dxe4 4. Nxe4 Bf5 5. Ng3 Bg6 6. h4 h6 7. Nf3 Nd7 8. h5
Bh7 9. Bd3 Bxd3 10. Qxd3 e6 11. Bd2 Ngf6 12. O-O-O Be7 13. Kb1 c5 14. Ne4 O-O
15. g4 Nxg4 16. Rhg1 f5 17. Qc4 Qb6 18. Rde1 cxd4 19. Nxd4 Nde5 20. Qxe6+ Qxe6
21. Nxe6 fxe4 22. Nxf8 Rxf8 23. Rxe4 Nf3 24. Rexg4 Nxd2+ 25. Kc1 Bg5 26. Rxg5
hxg5 27. Kxd2 Rxf2+ 28. Kd3 Rf5 29. Ke4 Rc5 30. b4 Rc4+ 31. Kd3 Rxb4 32. Rxg5
Kh7 33. Kc3 Ra4 34. Kb3 Ra6 35. a4 Rb6+ 36. Kc4 Rc6+ 37. Kb3 b6 1/2-1/2